[Event "16th Vienna Open"]
[Site "Vienna AUT"]
[Date "2009.08.22"]
[Round "8"]
[White "Chabanon,JL"]
[Black "Ootes,La"]
[Result "1/2-1/2"]
[WhiteElo "2439"]
[BlackElo "2261"]

1.d4 d6 2.Nf3 Nf6 3.c4 g6 4.Nc3 Bg7 5.e4 O-O 6.Be2 e5 7.O-O Nc6 8.d5 Ne7
9.b4 Ne8 10.c5 f5 11.Ng5 h6 12.Ne6 Bxe6 13.dxe6 fxe4 14.cxd6 cxd6 15.b5 d5
16.Ba3 Nf6 17.Bxe7 Qxe7 18.Nxd5 Nxd5 19.Qxd5 Kh7 20.Qxe4 Rf4 21.Qd5 Rd8 22.Qb3 Rd2
23.Rae1 h5 24.Bf3 b6 25.Re4 Rf6 26.Ra4 Qxe6 27.Qxe6 Rxe6 28.Rxa7 e4 29.Bd1 Kh6
30.Bb3 Re5 31.h4 e3 32.Rf7 e2 33.Re1 Rxb5 34.Kh2 Re5 35.g3 b5 36.Kg2 Re8
37.Rf3 Bd4 38.a4 Bb6 39.axb5 Ba5 40.Bf7 Re7 41.Bc4 Rb2 42.Rxe2 Rbxe2 43.Bxe2 Rxe2
44.Rf4 Bb6 45.Rf7 Rb2 46.Kf1 Rxb5 47.Rb7 Rb1+ 48.Kg2 Rb2 49.Kh3 Bd4 50.Rxb2 Bxb2
51.f4 Bc1 52.Kg2 Ba3 53.Kf3 Be7 54.Ke3 Bb4 55.Ke2 Ba5 56.Kf2 Bc3 57.Ke2 Ba5
58.Kf2 Bb4 59.Ke2 Bc3 60.Kf2 Ba5  1/2-1/2

[Event "XI Sants Open"]
[Site "Barcelona ESP"]
[Date "2009.08.23"]
[Round "3"]
[White "Peek,Mar"]
[Black "Fier,A"]
[Result "0-1"]
[WhiteElo "2348"]
[BlackElo "2604"]

1.d4 Nf6 2.c4 g6 3.Nc3 Bg7 4.e4 d6 5.Nf3 O-O 6.Be2 e5 7.O-O Nc6 8.d5 Ne7
9.b4 Ne8 10.c5 f5 11.Ba3 Nf6 12.Nd2 Bh6 13.Bd3 Bxd2 14.Qxd2 f4 15.b5 f3 16.g3 Bh3
17.Qh6 Nh5 18.Nd1 Qd7 19.Ne3 Kh8 20.cxd6 cxd6 21.Rfc1 Rf6 22.Rc2 Ng8 23.Qg5 Ng7
24.Nd1 Bg2 25.Ne3 Bh3 26.Nd1 h6 27.Qc1 Ne8 28.Ne3 Rd8 29.Bb4 Rf7 30.a4 Ngf6
31.Ra3 Kh7 32.Rac3 Ng4 33.Bf1 Nxe3 34.Rxe3 Bxf1 35.Qxf1 Rc8 36.Rec3 Rxc3
37.Rxc3 h5 38.h3 h4 39.g4 Rf4 40.Qc4 Rxg4+ 41.Kf1 Rf4 42.Qc8 Qxc8 43.Rxc8 Rxe4
44.Bd2 Nf6 45.Rc7+ Kg8 46.a5 Rd4 47.Ke1 Ne4 48.Be3 Rb4  0-1

[Event "5th Geller Mem Open A"]
[Site "Odessa UKR"]
[Date "2009.08.23"]
[Round "4"]
[White "Reshetkov,K"]
[Black "Naboka,S"]
[Result "1/2-1/2"]
[WhiteElo "2168"]
[BlackElo "2021"]

1.d4 Nf6 2.c4 g6 3.Nc3 Bg7 4.e4 d6 5.Nf3 O-O 6.Be2 e5 7.O-O Nc6 8.d5 Ne7
9.Ne1 Nd7 10.f3 f5 11.g4 Kh8 12.Be3 Ng8 13.Qd2 fxg4 14.fxg4 Rxf1+ 15.Kxf1 Qh4
16.Kg1 Ndf6 17.Ng2 Qh3 18.g5 Ng4 19.Bxg4 Bxg4 20.Qf2 Rf8 21.Qg3 Qxg3 22.hxg3 a6
23.Rf1 Rxf1+ 24.Kxf1 Bf8 25.b4 Bh3 26.a4 Kg7 27.b5 Kf7 28.a5 Ne7 29.Kf2 Bc8
30.Ne1 c5 31.dxc6 bxc6 32.b6 c5 33.Nd5 Nxd5 34.cxd5 Bb7 35.Nd3 Be7 36.Ke2 Ke8
37.Kd2 Kd8 38.Kc3 Ke8 39.Kc4 Kd8 40.Bxc5 dxc5 41.Nxe5 Bd6 42.Nd3 Bxg3 43.Nxc5 Bc8
44.b7 Bh3 45.d6 Bxd6 46.Kd5 Bf4 47.Nxa6 Bc8 48.b8=Q Bxb8 49.Nxb8 Kc7 50.e5 Kxb8
51.Kd6 Ba6 52.e6 Bb5 53.Ke7 Bc4 54.Kf6 Kc7 55.e7 Kd7 56.a6 Ke8 57.a7 Bd5  1/2-1/2

[Event "16th Vienna Open"]
[Site "Vienna AUT"]
[Date "2009.08.23"]
[Round "9"]
[White "Heiny,J"]
[Black "Bawart,M"]
[Result "0-1"]
[WhiteElo "2264"]
[BlackElo "2385"]

1.d4 Nf6 2.c4 g6 3.Nc3 Bg7 4.e4 d6 5.Nf3 O-O 6.Be2 e5 7.O-O Nc6 8.d5 Ne7
9.Ne1 c5 10.Rb1 Nd7 11.b4 cxb4 12.Rxb4 f5 13.f3 f4 14.Nd3 g5 15.Kh1 Rf6 16.Ba3 b6
17.Nb5 a6 18.Nc3 Rh6 19.Na4 a5 20.Rb2 Ba6 21.Nf2 Nc8 22.Qb1 Bf8 23.Rc1 Rg6
24.Rc3 h5 25.h3 Be7 26.Rcb3 Qf8 27.Kg1 Bd8 28.Kf1 Ra7 29.Ke1 Qh6 30.Rc2 g4
31.fxg4 Bh4 32.Bf3 hxg4 33.Bxg4 Rxg4 34.hxg4 Nf6 35.Nxb6 Nxe4 36.Nxc8 Bxc8
37.Rb8 Bxf2+ 38.Rxf2 Qh1+ 39.Rf1 Qh4+ 40.Kd1 Nc3+ 41.Kc2 Nxb1 42.Rxc8+ Kg7
43.Kxb1 Rb7+ 44.Ka1 Qxg4 45.Rc6 f3  0-1

[Event "5th Geller Mem Open A"]
[Site "Odessa UKR"]
[Date "2009.08.24"]
[Round "5"]
[White "Demidiukov,E"]
[Black "Mozharov,M"]
[Result "1-0"]
[WhiteElo "2208"]
[BlackElo "2475"]

1.Nf3 Nf6 2.c4 g6 3.Nc3 Bg7 4.e4 d6 5.d4 O-O 6.Be2 e5 7.O-O Nc6 8.d5 Ne7
9.Nd2 Ne8 10.b4 f5 11.c5 Nf6 12.f3 a5 13.bxa5 Rxa5 14.cxd6 cxd6 15.Nc4 Ra6
16.Rb1 fxe4 17.fxe4 Ne8 18.Rxf8+ Bxf8 19.Be3 Nf6 20.Qb3 Nd7 21.Nb6 Bh6 22.Bxh6 Rxb6
23.Bb5 Nc5 24.Qc4 Kh8 25.Bg5 Bd7 26.Qf1 Bxb5 27.Qf6+ Kg8 28.Bh6  1-0

[Event "6th Open"]
[Site "Kalamaria GRE"]
[Date "2009.08.25"]
[Round "5"]
[White "Arun Prasad,S"]
[Black "Bromberger,S"]
[Result "1-0"]
[WhiteElo "2556"]
[BlackElo "2510"]

1.d4 Nf6 2.c4 g6 3.Nc3 Bg7 4.e4 d6 5.Nf3 O-O 6.Be2 e5 7.O-O Nc6 8.d5 Ne7
9.b4 Nh5 10.Re1 f5 11.Ng5 Nf6 12.f3 Kh8 13.Rb1 Nh5 14.c5 Bf6 15.Ne6 Bxe6
16.dxe6 Nc6 17.Nd5 Nd4 18.exf5 gxf5 19.f4 Ng7 20.Bc4 Ngxe6 21.Nxf6 Qxf6 22.fxe5 dxe5
23.Bxe6 Nxe6 24.Bb2 Kg8 25.Rxe5 Qf7 26.Qb3 Rae8 27.Rbe1 Ng7 28.Re7 Qxb3 29.Rxg7+ Kh8
30.axb3 Rxe1+ 31.Kf2 Rfe8 32.Re7+  1-0

[Event "XXVI Open A"]
[Site "Collado Villalba ESP"]
[Date "2009.08.26"]
[Round "6"]
[White "Martinez Rodriguez,P1"]
[Black "Torres Samper,R"]
[Result "1-0"]
[WhiteElo "2213"]
[BlackElo "2061"]

1.d4 Nf6 2.Nf3 g6 3.c4 Bg7 4.Nc3 O-O 5.e4 d6 6.Be2 e5 7.O-O Nc6 8.d5 Ne7
9.Nd2 Nd7 10.b4 f5 11.Ba3 Nf6 12.c5 fxe4 13.Ndxe4 Nxe4 14.Nxe4 dxc5 15.d6 cxd6
16.Nxd6 Be6 17.bxc5 Qa5 18.Nc4 Bxc4 19.Bxc4+ Kh8 20.Qb3 Nc6 21.Rac1 Rad8
22.Qxb7 Qxa3 23.Qxc6 Rd2 24.Rcd1 Rc2 25.Qd5 Qb4 26.Bb3 Rxc5 27.Qd6 Qa5 28.g3 Qc7
29.Qe6 Rc6 30.Rd7 Qa5 31.Qe7  1-0

[Event "9th UIL&UL GM"]
[Site "Dahka BAN"]
[Date "2009.08.26"]
[Round "7"]
[White "Chatterjee,D"]
[Black "Tandukar,N"]
[Result "1-0"]
[WhiteElo "2281"]
[BlackElo "2133"]

1.d4 Nf6 2.c4 g6 3.Nc3 Bg7 4.e4 d6 5.Nf3 O-O 6.Be2 e5 7.O-O Nc6 8.d5 Ne7
9.b4 a5 10.bxa5 Rxa5 11.a4 h6 12.Nd2 Nd7 13.Nb3 Ra8 14.Be3 b6 15.a5 f5 16.f3 f4
17.Bf2 g5 18.axb6 Rxa1 19.Qxa1 cxb6 20.Qa7 Nc5 21.Rb1 Rf7 22.Qb8 Bf8 23.Nxc5 bxc5
24.Rb6 Ng6 25.Nb5 Rd7 26.Bxc5 dxc5 27.Rxg6+ Kh7 28.Rc6 Qa5 29.Qxc8 Qe1+ 30.Bf1 Qe3+
31.Kh1 Rf7 32.Qe6  1-0

[Event "5th Geller Mem Open A"]
[Site "Odessa UKR"]
[Date "2009.08.26"]
[Round "7"]
[White "Bogdanovich,S"]
[Black "Tregubov,V"]
[Result "1-0"]
[WhiteElo "2386"]
[BlackElo "2233"]

1.d4 Nf6 2.c4 g6 3.Nc3 Bg7 4.e4 d6 5.Nf3 O-O 6.Be2 e5 7.O-O Nc6 8.d5 Ne7
9.Ne1 Nd7 10.Be3 f5 11.f3 f4 12.Bf2 g5 13.a4 h5 14.a5 Ng6 15.Nb5 Nf6 16.Nxa7 g4
17.Nxc8 g3 18.hxg3 fxg3 19.Bxg3 Rxc8 20.Nd3 h4 21.Bh2 Nh5 22.f4 Nhxf4 23.Bg4 Qg5
24.Bxf4 exf4 25.Be6+ Kh7 26.Qg4 Qxg4 27.Bxg4 Bd4+ 28.Kh1 Ne5 29.Nxe5 dxe5
30.Bxc8 Rxc8 31.Rf3 Kg6 32.Rb3 b6 33.a6 Kf6 34.a7 Ra8 35.Raa3 Ke7 36.Kh2 Kd7
37.Rb5 c6 38.dxc6+ Kxc6 39.b4 Bb2 40.Ra6 Bd4 41.Rd5 Kb7 42.b5  1-0

[Event "6th Open"]
[Site "Kalamaria GRE"]
[Date "2009.08.27"]
[Round "7"]
[White "Antic,De"]
[Black "Erdogdu,M"]
[Result "1/2-1/2"]
[WhiteElo "2523"]
[BlackElo "2463"]

1.d4 Nf6 2.c4 g6 3.Nc3 Bg7 4.e4 d6 5.Nf3 O-O 6.Be2 e5 7.O-O Nc6 8.d5 Ne7
9.b4 a5 10.bxa5 Rxa5 11.a4 Nd7 12.Ba3 Bh6 13.Bb4 Ra8 14.a5 f5 15.Bd3 Kh8
16.Re1 Rf7 17.Bc2 Ng8 18.exf5 gxf5 19.Nb5 Ndf6 20.c5 e4 21.cxd6 exf3 22.Qxf3 c5
23.dxc6 bxc6 24.Nc7 Rb8 25.Bc3 Qxd6 26.Be5 Qc5 27.a6 Rxc7 28.Bxc7 Ra8 29.Bd3 Ne4
30.Bxe4 fxe4 31.Qxe4 Rxa6 32.Rac1 Qf5 33.Be5+  1/2-1/2

[Event "ch-RUS HL"]
[Site "Ulan Ude RUS"]
[Date "2009.09.02"]
[Round "1"]
[White "Landa,K"]
[Black "Shomoev,A"]
[Result "1/2-1/2"]
[WhiteElo "2655"]
[BlackElo "2566"]

1.d4 Nf6 2.c4 g6 3.Nc3 Bg7 4.e4 d6 5.Be2 O-O 6.Nf3 e5 7.O-O Nc6 8.d5 Ne7
9.b4 Nh5 10.Re1 f5 11.Ng5 Nf6 12.f3 Kh8 13.Rb1 h6 14.Ne6 Bxe6 15.dxe6 fxe4
16.fxe4 Nc6 17.Nd5 Ng8 18.Bd3 Nd4 19.Qg4 g5 20.h4 Nf6 21.Qg3 Nxe6 22.hxg5 Nxd5
23.exd5 Nxg5 24.Qg4 Kg8 25.Be3 Qc8 26.Qh4 Qd8 27.Qg4 Qc8 28.Qh4 Qd8 29.Qg4  1/2-1/2

[Event "6th LGA Premium Cup"]
[Site "Nuernberg GER"]
[Date "2009.09.03"]
[Round "1"]
[White "Ruecker,Be"]
[Black "Babichev,V"]
[Result "1-0"]
[WhiteElo "2258"]
[BlackElo "1765"]

1.d4 Nf6 2.c4 g6 3.Nc3 Bg7 4.e4 d6 5.Be2 O-O 6.Nf3 e5 7.O-O Nc6 8.d5 Ne7
9.b4 Nh5 10.Re1 Nf4 11.Bxf4 exf4 12.Rc1 a5 13.a3 Bd7 14.Qb3 a4 15.Qc2 Nc8
16.Qd2 g5 17.h3 Re8 18.Nd4 Qf6 19.Ndb5 Qd8 20.Bg4 Nb6 21.Bxd7 Nxd7 22.f3 Ne5
23.Ne2 c6 24.dxc6 Qb6+ 25.Ned4 Nxc6 26.Red1 Nxd4 27.Nxd4 Rac8 28.Qf2 Red8
29.Nb5 Qxf2+ 30.Kxf2 Bf8 31.Rd5 Be7 32.Ke2 Rc6 33.Kd3 Bf6 34.Nd4 Rcc8 35.Rc2 Kg7
36.Nf5+ Kg6 37.Nxd6 Rb8 38.c5 Rd7 39.Kc4 Bd8 40.Rcd2 Be7 41.Kb5 Ra8 42.Nf5 Rc7
43.Rd7 Rxd7 44.Rxd7 Bf6 45.Nd6 Bb2 46.Nc4 Bc3 47.Rxb7 Kh5 48.c6 Kh4 49.c7 Rc8
50.Nd6 Kg3 51.Nxc8 Be5 52.Nd6  1-0

[Event "2nd WTeam w"]
[Site "Ningbo CHN"]
[Date "2009.09.04"]
[Round "3"]
[White "Karavade,E"]
[Black "Ju Wenjun"]
[Result "1/2-1/2"]
[WhiteElo "2391"]
[BlackElo "2443"]

1.d4 Nf6 2.Nf3 g6 3.c4 Bg7 4.Nc3 O-O 5.e4 d6 6.Be2 e5 7.O-O Nc6 8.d5 Ne7
9.b4 Nh5 10.g3 f5 11.Ng5 Nf6 12.f3 f4 13.b5 h6 14.Ne6 Bxe6 15.dxe6 fxg3 16.hxg3 Qc8
17.c5 Qxe6 18.cxd6 Qh3 19.dxe7 Qxg3+ 20.Kh1 Qh3+ 21.Kg1 Qg3+  1/2-1/2

[Event "TCh-SRB 1st League"]
[Site "Kragujevac SRB"]
[Date "2009.09.05"]
[Round "5"]
[White "Berkes,F"]
[Black "Pavlovic,Milos"]
[Result "1/2-1/2"]
[WhiteElo "2663"]
[BlackElo "2533"]

1.c4 Nf6 2.d4 g6 3.Nc3 Bg7 4.e4 d6 5.Nf3 O-O 6.Be2 e5 7.O-O Nc6 8.d5 Ne7
9.Ne1 Nd7 10.Nd3 f5 11.Bd2 Nf6 12.f3 f4 13.c5 g5 14.Rc1 Ng6 15.Nb5 a6 16.cxd6 axb5
17.dxc7 Qe8 18.Qb3 g4 19.Nc5 Nh4 20.fxg4 Kh8 21.Ne6 Nxe4 22.Be1 Ng6 23.Bxb5 Qf7
24.Bb4 Qf6 25.Qd3 Ng5 26.Nxf8 Nxf8 27.d6 e4 28.Qd5 f3 29.d7 Nxd7 30.Bc3 Qe7
31.Bxg7+ Kxg7 32.Rfd1 f2+ 33.Kf1 e3 34.Rc3 h6 35.Qd4+ Nf6 36.Rxe3 Qxc7 37.Qd6 Qxd6
38.Rxd6 Bxg4 39.Rb6 Rxa2 40.Rxb7+ Kg6 41.Ra3 Rxa3 42.bxa3  1/2-1/2

[Event "6th LGA Premium Cup"]
[Site "Nuernberg GER"]
[Date "2009.09.05"]
[Round "4"]
[White "Maurer,C"]
[Black "Babichev,V"]
[Result "1-0"]
[WhiteElo "2015"]
[BlackElo "1765"]

1.d4 g6 2.c4 Nf6 3.Nc3 Bg7 4.e4 d6 5.Be2 O-O 6.Nf3 e5 7.O-O Nc6 8.d5 Ne7
9.Ne1 Nd7 10.Be3 f5 11.f3 f4 12.Bf2 g5 13.a4 Nf6 14.Nb5 a6 15.Na3 Ng6 16.c5 g4
17.cxd6 cxd6 18.Nc4 g3 19.hxg3 Nh5 20.gxf4 exf4 21.Bb6 Qh4 22.Nxd6 Ng3 23.Nd3 Ne5
24.Nxe5 Bxe5 25.Nc4 Bg7 26.e5 Qh6 27.Bd4 Rf5 28.Bd3 Rh5 29.Kf2 Nxf1 30.Bxf1 Bf5
31.Nd6 Bd7 32.e6 Bf8 33.Ne4 Be7 34.exd7 Rxd5 35.Bc4 Bh4+ 36.Kg1 Qc6 37.Bxd5+ Qxd5
38.Nf6+ Bxf6 39.Bxf6 Qc5+ 40.Kf1 Qc4+ 41.Qe2  1-0

[Event "2nd WTeam w"]
[Site "Ningbo CHN"]
[Date "2009.09.06"]
[Round "5"]
[White "Goletiani,R"]
[Black "Zhang Xiaowen"]
[Result "0-1"]
[WhiteElo "2391"]
[BlackElo "2391"]

1.Nf3 Nf6 2.c4 g6 3.Nc3 Bg7 4.e4 d6 5.d4 O-O 6.Be2 e5 7.O-O Nc6 8.d5 Ne7
9.b4 a5 10.bxa5 Rxa5 11.a4 c5 12.dxc6 bxc6 13.Ba3 c5 14.Qc2 Nc6 15.Nb5 Re8
16.Bb2 Nb4 17.Qb1 Bb7 18.Nd2 Bh6 19.Bc3 Bxd2 20.Bxd2 Bxe4 21.Qb2 d5 22.Bxb4 cxb4
23.Qxb4 d4 24.Rfd1 Bc6 25.Rab1 Ra8 26.h3 Nd7 27.f4 exf4 28.Nxd4 Rxe2 29.Nxe2 Qg5
30.g4 fxg3 31.Qd2 Qh4 32.Qf4 Qxh3 33.Qxg3 Qh5 34.Nd4 Be4 35.Ra1 Rxa4 36.Kf2 Rxc4
37.Ra3 Qxd1  0-1

[Event "2nd WTeam w"]
[Site "Ningbo CHN"]
[Date "2009.09.09"]
[Round "7"]
[White "Lomineishvili,M"]
[Black "Huang Qian"]
[Result "0-1"]
[WhiteElo "2378"]
[BlackElo "2424"]

1.d4 Nf6 2.c4 g6 3.Nc3 Bg7 4.e4 d6 5.Nf3 O-O 6.Be2 e5 7.O-O Nc6 8.d5 Ne7
9.b4 a5 10.Ba3 axb4 11.Bxb4 b6 12.a4 Ne8 13.Nb5 f5 14.Nd2 Bh6 15.Ra3 Kh8
16.Bc3 Nf6 17.exf5 gxf5 18.Qa1 Ng6 19.g3 Bd7 20.Bf3 Bxb5 21.axb5 Rxa3 22.Qxa3 Nd7
23.Bg2 Bg7 24.Nb3 Bf6 25.Qb2 Qe7 26.Ra1 Bg7 27.f4 exf4 28.Bxg7+ Qxg7 29.Qxg7+ Kxg7
30.Ra7 fxg3 31.hxg3 Rc8 32.Nd4 Kf6 33.Nxf5 Nge5 34.Bh3 Nxc4 35.Nd4 Nce5 36.Nc6 Rg8
37.Bxd7 Nxd7 38.Rxc7 Rxg3+ 39.Kh2 Rg7 40.Nd4 Rf7 41.Ne6 Nc5 42.Rc6 Ke5 43.Rxb6 Nxe6
44.dxe6 Kxe6 45.Rb8 Rg7 46.Kh3 Kd5 47.Kh4 Kc5 48.Kh5 d5 49.Kh6 Rd7 50.Kg5 d4
51.b6 d3 52.b7 Kb4 53.Rc8 Rxb7 54.Kf4 d2 55.Rd8 Kc3 56.Rc8+ Kd3 57.Rd8+ Ke2
58.Re8+ Kf2 59.Rd8 Rb4+ 60.Kf5 Ke2  0-1

[Event "ch-RUS HL"]
[Site "Ulan Ude RUS"]
[Date "2009.09.10"]
[Round "8"]
[White "Zabotin,A"]
[Black "Kornev,Alexei"]
[Result "0-1"]
[WhiteElo "2512"]
[BlackElo "2527"]

1.d4 Nf6 2.c4 g6 3.Nc3 Bg7 4.e4 d6 5.Nf3 O-O 6.Be2 e5 7.O-O Nc6 8.d5 Ne7
9.b4 Nh5 10.Re1 f5 11.Ng5 Nf6 12.Bf3 c6 13.Be3 cxd5 14.cxd5 h6 15.Ne6 Bxe6
16.dxe6 fxe4 17.Nxe4 Nxe4 18.Bxe4 d5 19.Bc2 b6 20.Qg4 Qd6 21.Rad1 Rf6 22.b5 Qxe6
23.Qxe6+ Rxe6 24.Bb3 Rd8 25.Bd2 Kf7 26.Bb4 Rd7 27.f3 Bf6 28.g3 Bg7 29.Kg2 Bf6
30.h4 Ke8 31.Kh3 Kd8 32.f4 h5 33.Re2 e4 34.a3 Bg7 35.Red2 Ke8 36.Bxd5 Nxd5
37.Rxd5 Rxd5 38.Rxd5 e3 39.f5 gxf5 40.Rxf5 e2 41.Be1 Rd6 42.Kg2 Rd1 43.Kf2 Bc3
44.Rxh5 Rxe1 45.Rh7 Rg1 46.Kxe2 Rxg3 47.Rxa7 Rh3 48.Rh7 Kf8 49.a4 Kg8 50.Rc7 Ba5
51.Rc4 Kg7  0-1

[Event "ch-POR"]
[Site "Amadora POR"]
[Date "2009.09.11"]
[Round "7"]
[White "Santos,AntonioP"]
[Black "Fernandes,Ant"]
[Result "1/2-1/2"]
[WhiteElo "2264"]
[BlackElo "2409"]

1.d4 Nf6 2.c4 g6 3.Nc3 Bg7 4.e4 d6 5.Be2 O-O 6.Nf3 e5 7.O-O Nc6 8.d5 Ne7
9.Ne1 Ne8 10.Be3 f5 11.f3 f4 12.Bf2 h5 13.a4 g5 14.c5 Rf6 15.cxd6 cxd6 16.Nb5 a6
17.Na3 Rg6 18.Nc4 g4 19.Bb6 Qd7 20.Ba5 Rb8 21.Nb6 Qd8 22.Rc1 Bd7 23.Kh1 Kh7
24.Nxd7 Qxd7 25.Bb6 Rc8 26.Rxc8 Nxc8 27.Qb3 Nxb6 28.Qxb6 Bf6 29.b3 Bd8 30.Qb4 Nf6
31.Nd3 h4 32.Nf2 g3 33.Ng4 Qc7 34.Qc4 Qxc4 35.Nxf6+ Rxf6 36.bxc4 Rf7 37.Rb1 Ba5
38.h3 Rc7 39.Kg1 Kg7 40.Kf1 Kf6 41.Bd3 Ke7 42.Ke2 Kd7 43.Rb3 Kc8 44.Kd1 Rc5
45.Be2 Kc7 46.Kc2 Bb6 47.Ra3 Ra5 48.Kb3 Bd4 49.Ra2 Kb6 50.Rc2 Kc5 51.Rd2 Be3
52.Rd1 Bf2 53.Bf1 Be3 54.Be2 Bd4 55.Bf1 Kb6 56.Rd2 Rc5 57.Rc2 Rc8 58.Be2 Kc5
59.Rd2 Bf2 60.Rd1 Ra8 61.Kc3 Bd4+ 62.Kc2 Kb6 63.Rb1+ Ka7 64.Bf1 Rc8 65.Be2 Rc5
66.Kd3 Kb8 67.Bd1 Kc7 68.Be2 Bf2 69.Bd1 Be1 70.Be2 Ba5 71.Bd1 Bb6 72.Bc2 Ra5
73.Bd1 Bd4 74.Bc2 Rc5 75.Bd1 b6 76.Bc2 a5 77.Bd1  1/2-1/2

[Event "TCh-SRB 1st League"]
[Site "Kragujevac SRB"]
[Date "2009.09.11"]
[Round "10"]
[White "Ivanisevic,I"]
[Black "Halkias,S"]
[Result "1-0"]
[WhiteElo "2614"]
[BlackElo "2570"]

1.d4 Nf6 2.c4 g6 3.Nc3 Bg7 4.e4 d6 5.Nf3 O-O 6.Be2 e5 7.O-O Nc6 8.d5 Ne7
9.Kh1 Kh8 10.Ng1 Nd7 11.f4 f5 12.Nf3 exf4 13.exf5 Nxf5 14.Bxf4 Nc5 15.Qd2 h6
16.g4 g5 17.Nxg5 hxg5 18.Bxg5 Qe8 19.gxf5 Bxf5 20.Bf3 Bd3 21.Rf2 Ne4 22.Bxe4 Bxe4+
23.Nxe4 Qxe4+ 24.Rg2 Qxc4 25.Rag1 Rf1 26.Bf6 Rxf6 27.Rg4 Qxg4 28.Rxg4 Raf8
29.Kg2 R8f7 30.Qe3 Kg8 31.h4 Kf8 32.Qxa7 Re7 33.Qxb7 Re2+ 34.Kh3 Rf7 35.Rg3 Bd4
36.Qc8+ Re8 37.Rg8+ Kxg8 38.Qxe8+ Kg7 39.h5 Rf2 40.Qe7+ Kg8 41.Qxc7 Be5 42.a4 Rxb2
43.a5 Rh2+ 44.Kg4 Rg2+ 45.Kf3 Rg3+ 46.Ke4 Rg4+ 47.Kf5 Rf4+ 48.Kg5 Rf7 49.Qc8+ Kh7
50.a6 Bd4 51.Qe6 Rg7+ 52.Kf5 Bc5 53.Qe8 Rg8 54.Qe7+ Rg7 55.Qf6 Rg1 56.Qb2 Rg7
57.h6 Rf7+ 58.Ke6 Ra7 59.Kf6 Rd7 60.Qb1+ Kh8 61.Kg6  1-0

[Event "ch-RUS HL"]
[Site "Ulan Ude RUS"]
[Date "2009.09.12"]
[Round "10"]
[White "Landa,K"]
[Black "Amonatov,F"]
[Result "1-0"]
[WhiteElo "2655"]
[BlackElo "2643"]

1.Nf3 Nf6 2.d4 g6 3.c4 Bg7 4.Nc3 O-O 5.e4 d6 6.Be2 e5 7.O-O Nc6 8.d5 Ne7
9.b4 Nh5 10.Re1 f5 11.Ng5 Nf6 12.f3 c6 13.Be3 Bh6 14.h4 cxd5 15.cxd5 Nh5
16.Rc1 f4 17.Bf2 Bxg5 18.hxg5 Bd7 19.Bb5 Bc8 20.Qc2 a6 21.Bf1 Bd7 22.b5 Ng3
23.bxa6 bxa6 24.Ne2 Nxf1 25.Kxf1 Rc8 26.Qb3 Bb5 27.a4 Bxe2+ 28.Kxe2 Rb8 29.Qc3 Rb7
30.Kf1 Kg7 31.Rb1 Qb8 32.Qd3 Rb4 33.Rxb4 Qxb4 34.Qxa6 Rc8 35.Qb5 Qa3 36.a5 Rc2
37.a6 Rb2 38.Qd7 Qxa6+ 39.Kg1 Kf7 40.Qe6+ Kf8 41.Qf6+ Ke8 42.Qh8+ Kd7 43.Qxh7 Ra2
44.Qh3+ Ke8 45.Qh8+ Kd7 46.Qb8 Ra1 47.Rxa1 Qxa1+ 48.Kh2 Qa6 49.Bb6 Qc8 50.Qa7+ Ke8
51.Bc7  1-0

[Event "XingQiu Open"]
[Site "Lishui CHN"]
[Date "2009.09.18"]
[Round "2"]
[White "Li Wenliang"]
[Black "Lu Yijie"]
[Result "1/2-1/2"]
[WhiteElo "2452"]
[BlackElo "2330"]

1.d4 Nf6 2.c4 g6 3.Nc3 Bg7 4.e4 d6 5.Be2 O-O 6.Nf3 e5 7.O-O Nc6 8.d5 Ne7
9.Nd2 a5 10.a3 Bd7 11.b3 c6 12.Ra2 Qc7 13.Rc2 Rfd8 14.Ndb1 Rac8 15.Rb2 h5
16.Bg5 Kh7 17.f4 exf4 18.Rxf4 Qb6+ 19.Kh1 Neg8 20.Rd2 Rf8 21.dxc6 Rxc6 22.h3 Bh6
23.Bxh6 Kxh6 24.Bf1 Kg7 25.Rdf2 Qc5 26.Qf3 Be6 27.Rxf6 Nxf6 28.Qxf6+ Kg8
29.Nb5 d5 30.exd5 Bxd5 31.Qb2 Be4 32.N1c3 Re6 33.b4 Qd4 34.Nd5 Qxb2 35.Rxb2  1/2-1/2

[Event "XingQiu Open"]
[Site "Lishui CHN"]
[Date "2009.09.19"]
[Round "3"]
[White "Li Panru"]
[Black "Wan Yunguo"]
[Result "0-1"]
[WhiteElo "2150"]
[BlackElo "2445"]

1.d4 Nf6 2.c4 g6 3.Nc3 Bg7 4.e4 d6 5.Nf3 O-O 6.Be2 e5 7.O-O Nc6 8.d5 Ne7
9.Ne1 Nd7 10.f3 f5 11.Be3 f4 12.Bf2 g5 13.Nd3 Nf6 14.c5 Ng6 15.Rc1 Rf7 16.cxd6 cxd6
17.Kh1 Bf8 18.Nb5 a6 19.Na7 Bd7 20.Qb3 g4 21.Qb6 Qe8 22.Rc7 g3 23.Bg1 Nh4
24.Rfc1 gxh2 25.Bxh2 Rg7 26.Qf2 Qh5 27.Rg1 Rg3 28.Rxb7 Kh8 29.Qf1 Bh6 30.Nf2 Rag8
31.Rxd7 Nxd7 32.Ng4 Bg7 33.Bxa6 Ra8 34.Nc6 Nf6 35.Be2 Qg6 36.Qe1 Nxg2 37.Rxg2 Rxg2
38.Kxg2 Nxg4 39.fxg4 Qxe4+ 40.Kf2 Bf6 41.Qc3 Bh4+ 42.Kf1 Rxa2 43.Bd1 Ra1
44.Qb3 Kg7 45.Qb7+ Kh6 46.g5+ Bxg5 47.Qb3 Bh4 48.Ne7 Bxe7 49.Qh3+ Kg7 50.Qg4+ Qg6
51.Qf3 e4 52.Qc3+ Qf6  0-1

[Event "Maotai Prince Cup Queens"]
[Site "JinZhou CHN"]
[Date "2009.09.23"]
[Round "6"]
[White "Zhao Xue"]
[Black "Ju Wenjun"]
[Result "0-1"]
[WhiteElo "2542"]
[BlackElo "2443"]

1.d4 Nf6 2.c4 g6 3.Nc3 Bg7 4.e4 d6 5.Nf3 O-O 6.Be2 e5 7.O-O Nc6 8.d5 Ne7
9.Nd2 a5 10.a3 Nd7 11.Rb1 f5 12.b4 Kh8 13.f3 Ng8 14.Qc2 Ngf6 15.Bd3 f4 16.Be2 Rf7
17.Bb2 g5 18.Nd1 b6 19.Nf2 h5 20.Rfc1 Bh6 21.Nd3 Ba6 22.Bc3 g4 23.bxa5 Qg8
24.axb6 cxb6 25.Bb4 Bf8 26.a4 Rg7 27.Qd1 Bc8 28.Ra1 h4 29.fxg4 Nxg4 30.Bxg4 Rxg4
31.Qf3 Nf6 32.Kh1 Rg3 33.hxg3 hxg3 34.Nxf4 exf4 35.Qxf4 Qh7+ 36.Kg1 Qh2+
37.Kf1 Bg4 38.Nf3 Qh1+ 39.Ng1 Bh6 40.Qxg3 Rf8 41.Bc3 Kh7  0-1

[Event "18th TCh-CRO"]
[Site "Sibenik CRO"]
[Date "2009.09.23"]
[Round "3"]
[White "Doric,D"]
[Black "Zivkovic,Vj"]
[Result "1-0"]
[WhiteElo "2456"]
[BlackElo "2413"]

1.d4 Nf6 2.c4 g6 3.Nc3 Bg7 4.e4 d6 5.Nf3 O-O 6.Be2 e5 7.O-O Nc6 8.d5 Ne7
9.b4 Nh5 10.Re1 a5 11.bxa5 Rxa5 12.Nd2 Nf4 13.Bf1 c5 14.a4 Ra6 15.Ra3 Nh5
16.g3 Kh8 17.Bg2 Ng8 18.Nb5 Bh6 19.Bb2 Ng7 20.Rf1 g5 21.f3 f5 22.exf5 Bxf5
23.Qe2 Nf6 24.Qe3 Bg6 25.Bh3 Bf5 26.Bxf5 Nxf5 27.Qd3 Nd4 28.g4 Bg7 29.Nc3 Rb6
30.Ba1 Ng8 31.Nde4 h6 32.Ne2 Nxe2+ 33.Qxe2 Ne7 34.Bc3 Ra6 35.a5 Ng6 36.Rb3 Rf7
37.Rfb1 Qc8 38.Be1 Bf8 39.Rb6 Rxb6 40.Rxb6 Qd7 41.Nxc5 Qc8 42.Ne4 Nf4 43.Qf1 Rc7
44.Rb4 h5 45.h3 hxg4 46.hxg4 Rh7 47.Bg3 Nh3+ 48.Kg2 Be7 49.Qb1 Qf8 50.Rxb7 Qh6
51.a6 Nf4+ 52.Kf2  1-0

[Event "18th TCh-CRO"]
[Site "Sibenik CRO"]
[Date "2009.09.25"]
[Round "5"]
[White "Postny,E"]
[Black "Jovanovic,Zo CRO"]
[Result "0-1"]
[WhiteElo "2651"]
[BlackElo "2535"]

1.d4 Nf6 2.c4 d6 3.Nf3 g6 4.Nc3 Bg7 5.e4 O-O 6.Be2 e5 7.O-O Nc6 8.d5 Ne7
9.b4 a5 10.Ba3 Ne8 11.c5 axb4 12.Bxb4 Bd7 13.Nd2 Nc8 14.Qb3 Kh8 15.Bb5 Bxb5
16.Nxb5 f5 17.a4 dxc5 18.Bxc5 Ncd6 19.Rae1 Rf7 20.Kh1 Nxb5 21.axb5 b6 22.Bb4 Qd7
23.Bc3 Nd6 24.f4 Qxb5 25.Qxb5 Nxb5 26.Bxe5 Rd8 27.Nf3 h6 28.Nh4 fxe4 29.Nxg6+ Kh7
30.Bxg7 Rxg7 31.Ne5 Rxd5 32.Rxe4 Nd6 33.Re2 c5 34.g4 c4 35.f5 Re7 36.Rfe1 Kg7
37.Ng6 Rxe2 38.Rxe2 c3 39.Kg2 Rc5 40.Re7+ Nf7 41.Re1 c2 42.Rc1 b5 43.Nf4 Rc4
44.Nd3 b4 45.Kf2 b3 46.Ke2 Kf6 47.Nb2 Rxg4 48.Kd2 Rh4 49.Kc3 Rh3+ 50.Kb4  0-1

[Event "VII Marx Gyorgy Mem"]
[Site "Paks HUN"]
[Date "2009.09.27"]
[Round "3"]
[White "Acs,Peter"]
[Black "Almasi,Z"]
[Result "0-1"]
[WhiteElo "2550"]
[BlackElo "2685"]

1.d4 Nf6 2.c4 g6 3.Nc3 Bg7 4.e4 d6 5.Nf3 O-O 6.Be2 e5 7.O-O Nc6 8.d5 Ne7
9.Ne1 Nd7 10.Nd3 f5 11.Bd2 Nf6 12.f3 f4 13.c5 g5 14.cxd6 cxd6 15.Rc1 Ng6
16.Nb5 Rf7 17.Qc2 Ne8 18.a4 h5 19.Nf2 Bd7 20.Rfd1 Bf8 21.a5 g4 22.fxg4 hxg4
23.Nxg4 Qh4 24.Be1 Qg5 25.h3 f3 26.gxf3 Nf4 27.Bf1 Nf6 28.Qh2 Rh7 29.Qg3 Nxg4
30.h4 Qg6 31.fxg4 Bxg4 32.Rd2 Be7 33.Rh2 Rg7 34.Rc7 Rf8 35.Nc3 Qf6 36.Bg2 Rff7
37.Rxb7 Nxg2 38.Rxg2 Bf3 39.Qxg7+ Rxg7 40.Rg3 Rxg3+ 41.Bxg3 Bg4  0-1

[Event "VII Marx Gyorgy Mem"]
[Site "Paks HUN"]
[Date "2009.09.28"]
[Round "4"]
[White "Acs,Peter"]
[Black "Ganguly,S"]
[Result "0-1"]
[WhiteElo "2550"]
[BlackElo "2634"]

1.d4 Nf6 2.c4 g6 3.Nc3 Bg7 4.e4 d6 5.Nf3 O-O 6.Be2 e5 7.O-O Nc6 8.Be3 Ng4
9.Bg5 f6 10.Bh4 g5 11.Bg3 Nh6 12.dxe5 fxe5 13.c5 g4 14.Nh4 dxc5 15.Qd5+ Qxd5
16.Nxd5 Nd4 17.Bd1 Rf7 18.f3 c6 19.Ne3 gxf3 20.Nxf3 Re7 21.Bh4 Re8 22.Nxd4 cxd4
23.Nf5 Bxf5 24.exf5 Nf7 25.Bb3 e4 26.Rf4 d3 27.Raf1 Kf8 28.Rg4 Bh6 29.f6 Rad8
30.Rg7 Rd5 31.Bxd5 cxd5 32.Rg4 e3 33.Be1 d2 34.Rd4 Re5 35.Bxd2 exd2 36.Rd3 Re1
37.g3 Be3+ 38.Kg2 d4 39.h4 Ne5  0-1

[Event "Open"]
[Site "Baku AZE"]
[Date "2009.09.29"]
[Round "9"]
[White "Sanikidze,T"]
[Black "Abbasov,F"]
[Result "1-0"]
[WhiteElo "2600"]
[BlackElo "2552"]

1.d4 Nf6 2.c4 g6 3.Nc3 Bg7 4.e4 d6 5.Nf3 O-O 6.Be2 e5 7.O-O Nc6 8.Be3 Ng4
9.Bg5 f6 10.Bc1 f5 11.d5 Ne7 12.exf5 gxf5 13.Ng5 Nf6 14.f4 e4 15.Be3 h6 16.Ne6 Bxe6
17.dxe6 Qc8 18.Nd5 Nfxd5 19.cxd5 Bxb2 20.Rb1 Bg7 21.Bh5 c6 22.Bf7+ Kh7 23.Qh5 Qc7
24.Bf2 Rac8 25.Bh4 cxd5 26.Rb3 Qc5+ 27.Kh1 Qc1 28.Rg1 e3 29.h3 Qc7 30.Rxe3 d4
31.Rg3 Rg8 32.Bg6+ Nxg6 33.Qxg6+ Kh8 34.e7  1-0